Hilbert spaces and operator theory

Guardat en:
Dades bibliogràfiques
Autor principal: Mlak, Wlodzimierz (autor)
Format: Llibre
Idioma:anglès
Publicat: Dordrecht Kluwer Academic Publishers 1991
Col·lecció:Mathematics and its Applications. East European Series, 51
Matèries:
Etiquetes: Afegir etiqueta
Sense etiquetes, Sigues el primer a etiquetar aquest registre!

MARC

LEADER 00000nam a2200000 a 4500
001 UCW1786
003 CL-VaPUC
008 930908e19910000NE |||||||||||||||||eng|d
082 0 4 |a 515.733  |b MLA  |2 21 
100 |a Mlak, Wlodzimierz  |e autor  |9 305855 
245 1 0 |a Hilbert spaces and operator theory 
300 |a 289 p 
942 |c BK 
945 |d 19930908 00:00:00 
260 |a Dordrecht  |b Kluwer Academic Publishers  |c 1991 
650 0 |a Espacio de Hilbert   |9 260141 
650 0 |a Teoría de los operadores  |9 270723 
583 |a last modification  |c 20120530 10:54:37  |k Rodrigo Vera 
490 0 |a Mathematics and its Applications. East European Series, 51 
999 |c 216606  |d 216604 
952 |0 0  |1 0  |4 0  |6 515_733000000000000_MLA_1991  |7 0  |8 A  |9 202467  |a BIBMAT  |b BIBMAT  |d 2019-11-14  |i 2695677  |l 1  |m 1  |o 515.733 MLA 1991  |p 2695677  |r 2025-01-07  |s 2024-08-30  |w 2019-11-14  |y BK  |k MAT